Estatísticas para Todos os 135 Pokémons de hoenn

Clique aqui para jogar o quiz

Estatísticas Gerais

  • Esse quiz foi jogado 117 vezes
  • A pontuação média é 46 de 135

Estatísticas das Respostas

NúmeroPokemon% Correto
255Torchic
93%
252Treecko
92%
258Mudkip
91%
257Blaziken
89%
256Combusken
84%
254Sceptile
80%
260Swampert
80%
253Grovyle
75%
259Marshtomp
67%
382Kyogre
63%
384Rayquaza
63%
383Groudon
61%
263Zigzagoon
61%
268Cascoon
58%
261Poochyena
58%
269Dustox
56%
264Linoone
56%
265Wurmple
56%
266Silcoon
54%
267Beautifly
52%
277Swellow
51%
282Gardevoir
49%
376Metagross
49%
276Taillow
49%
386Deoxys
47%
280Ralts
47%
281Kirlia
46%
373Salamence
46%
375Metang
45%
371Bagon
44%
374Beldum
44%
377Regirock
44%
379Registeel
44%
296Makuhita
43%
378Regice
43%
359Absol
42%
385Jirachi
42%
274Nuzleaf
40%
273Seedot
40%
272Ludicolo
39%
275Shiftry
39%
323Camerupt
37%
330Flygon
37%
380Latias
37%
381Latios
37%
372Shelgon
36%
349Feebas
35%
271Lombre
35%
270Lotad
35%
350Milotic
35%
324Torkoal
35%
329Vibrava
35%
322Numel
34%
279Pelipper
34%
321Wailord
34%
334Altaria
33%
310Manectric
33%
289Slaking
33%
287Slakoth
33%
328Trapinch
33%
336Seviper
31%
319Sharpedo
31%
338Solrock
31%
278Wingull
31%
306Aggron
30%
337Lunatone
30%
333Swablu
30%
288Vigoroth
30%
304Aron
29%
332Cacturn
29%
362Glalie
29%
305Lairon
29%
320Wailmer
29%
331Cacnea
28%
352Keckleon
28%
311Plusle
28%
292Shedinja
28%
318Carvanha
27%
357Tropius
27%
335Zangoose
27%
301Delcatty
26%
355Duskull
26%
308Medichan
26%
307Meditite
26%
312Minun
26%
302Sableye
26%
356Dusclops
25%
290Nincada
25%
300Skitty
25%
354Banette
24%
286Breloom
24%
368Gorebyss
24%
363Spheal
24%
327Spinda
24%
348Armaldo
22%
344Claydol
22%
345Lileep
22%
364Sealeo
22%
285Shroomish
22%
361Snorunt
22%
365Walrein
22%
353Shuppet
21%
314Volbeat
21%
298Azurill
20%
295Exploud
20%
297Haryiama
20%
313Illumise
20%
370Luvdisc
20%
299Nosepass
20%
351Castform
19%
309Electric
19%
303Mawile
19%
325Spoink
19%
347Anorith
18%
346Cradily
18%
326Grumpig
18%
294Loudred
18%
369Relicanth
18%
293Whismur
18%
343Baltoy
17%
341Corphish
17%
342Crawdaunt
17%
316Gulpin
17%
366Clamperl
16%
360Wynaut
16%
262Migthyena
15%
315Roselia
15%
317Swalot
15%
358Chimecho
13%
283Surskit
13%
339Barboach
11%
291Nijask
9%
284Masquerein
4%
367Hauntail
1%
340Wishicash
0%

Distribuição das Pontuações

Percentil de Números Respondidos

Porcentagem de Pessoas com Cada Pontuação

Sua Pontuação Histórica

Você não jogou esse quiz